Statistics for NFL Top 50 Interception Leaders Leaders 2023-2024

Click here to take the quiz!

General Stats

  • This quiz has been taken 54 times
  • The average score is 13 of 50

Answer Stats

InterceptionsTeamPlayer% Correct
9CowboysDaRon Bland
89%
4BearsJaylon Johnson
64%
549ersCharvarius Ward
61%
6FalconsJessie Bates III
59%
4RavensKyle Hamilton
57%
3DolphinsJalen Ramsey
52%
2BillsMicah Hyde
48%
5TexansDerek Stingley Jr.
45%
449ersFred Warner
45%
4JaguarsDarious Williams
43%
2EaglesDarius Slay
39%
2TexansKareem Jackson
39%
4SaintsTyrann Mathieu
39%
3RamsAhkello Witherspoon
36%
7RavensGeno Stone
36%
4JetsJordan Whitehead
32%
3BroncosJustin Simmons
32%
2CowboysStephon Gilmore
27%
3BuccaneersAntoine Winfield Jr.
25%
3JetsAshtyn Davis
25%
4BengalsLogan Wilson
25%
3JetsTony Adams
25%
4BearsTremaine Edmunds
20%
3RamsJordan Fuller
18%
3ColtsKenny Moore II
18%
349ersTalanoa Hufanga
18%
3LionsBrian Branch
16%
4BengalsCam Taylor-Britt
16%
5BillsRasul Douglas
16%
4TexansSteven Nelson
16%
4JaguarsAndre Cisco
14%
3VikingsByron Murphy Jr.
14%
4LionsKerby Joseph
14%
4BearsTyrique Stevenson
14%
3GiantsXavier McKinney
14%
4CardinalsJalen Thompson
11%
4SeahawksJulian Love
11%
2SteelersPatrick Peterson
11%
4SaintsPaulson Adebo
11%
2JaguarsRayshawn Jenkins
11%
3BillsTerrel Bernard
11%
3BearsTJ Edwards
11%
4ColtsJulian Blackmon
9%
4BrownsMartin Emerson Jr.
9%
3EaglesReed Blankenship
9%
349ersDeommodore Lenoir
7%
3LionsJerry Jacobs
5%
3RaidersTre´von Moehrig
5%
2TexansDeAndre Houston-Carson
2%
3RaidersRobert Spillane
2%

Score Distribution

Percentile by Number Answered

Percent of People with Each Score

Your Score History

You have not taken this quiz